| 000 | 00754cam a2200205 4500 | ||
|---|---|---|---|
| 001 | WB3813-07 | ||
| 008 | 020410n2002 000 0 eng u | ||
| 035 | _a(Sirsi) u117432 | ||
| 245 | _aShopping centre visitors down | ||
| 260 | _c2002 | ||
| 490 |
_aRetail Week _v 5 April 2002, 4(1) |
||
| 520 | _aShopping centre visitor numbers dipped year-on-year by almost 7 per cent in the first two weeks of March 2002 according to the Footfall Index which surveys 75 shopping centres in the UK. This may indicate the beginning of a downward trend. | ||
| 590 | _aWB | ||
| 650 | _aSHOPPING CENTRES | ||
| 650 | _aVISITOR SURVEYS | ||
| 650 | _aRETAIL OUTLET | ||
| 650 | _aSTATISTICS | ||
| 690 | _aPROPERTY-COMMERCIAL PROPERTY-RETAIL PROPERTY | ||
| 942 | _n0 | ||
| 999 |
_c69958 _d69958 |
||